| 000 | 00449nab a2200145Ia 4500 | ||
|---|---|---|---|
| 003 | ES-SlBCS | ||
| 005 | 20240924162708.0 | ||
| 008 | 140529s1956 xxu||||| |||| 00| 0 spa d | ||
| 041 | _aspa | ||
| 100 | 1 |
_aFernández Galiano, Manuel _d(1918-1988) _994339 |
|
| 245 | 0 | 0 |
_a¿Una crisis en el mundo de los papiros? _c Manuel Fernández-Galiano |
| 650 | 0 | 4 |
_aPapiros _9140155 |
| 773 | 0 |
_tArbor _gvol. 35, nº. 131, 1956, págs. 281-289 _wRev54 |
|
| 942 | _cAR | ||
| 999 |
_c619120 _d619120 |
||